Essere magri in Italia : antologia di racconti bulimici /

সংরক্ষণ করুন:
গ্রন্থ-পঞ্জীর বিবরন
অন্যান্য লেখক: Bianchi, Matteo B.
বিন্যাস: গ্রন্থ
ভাষা:ইতালিয়
প্রকাশিত: Roma : Coniglio, 2005
মালা:I lemming ; 7
বিষয়গুলি:
ট্যাগগুলো: ট্যাগ যুক্ত করুন
কোনো ট্যাগ নেই, প্রথমজন হিসাবে ট্যাগ করুন!

MARC

LEADER 00000nam a22000007i 4500
001 IT\ICCU\LO1\1005210
003 ItRI
005 20260115231955.0
008 050712s2005 it |||||| ||||| |||||c
020 |a 8888833404 
040 |b ita  |c importazione bologna sebina 
041 7 |a ita  |2 ISO-639-2 
245 0 0 |a Essere magri in Italia :  |b antologia di racconti bulimici /  |c Matteo B. Bianchi ... [et al.!. 
260 |a Roma :  |b Coniglio,  |c 2005 
300 |a 63 p. ;  |c 17 cm. 
650 7 |a Bulimia nella letteratura narrativa italiana  |x 2000-2005  |x Antologie  |2 scbi 
700 1 |a Bianchi, Matteo B.  |0 IT\ICCU\CFIV\141484 
830 2 |a I lemming ;  |v 7  |0 IT\ICCU\BVE\0359952 
942 |2 ddc  |c BK  |n 0 
952 |0 0  |1 0  |4 0  |6 DOC_853_920000000000000_BIA  |7 0  |9 18252  |a BO  |b BO  |d 2026-01-15  |i 14175  |l 0  |o DOC 853.92 BIA  |p BO14175  |r 2026-01-15 23:19:55  |w 2026-01-15  |x [Sebina 5] [1 v.]  |y BK  |z 1 v. 
999 |c 15462  |d 15462